| 000 | 00831cam a2200205 a 4500 | ||
|---|---|---|---|
| 001 | 000001924 | ||
| 005 | 20200929145746.0 | ||
| 008 | 780217s1966 mx ac 001 0cspa | ||
| 040 |
_aDO-SdBNP _bspa _cBNPHU |
||
| 082 |
_a828.91209 _bM449w |
||
| 100 | 1 |
_aMaugham, Robin, _d1916-1981. _96245 |
|
| 245 | 1 | 0 |
_aWilliam Somerset Maugham y todos los Maugham / _cRobin Maugham ; traductor, Ramón Gil Morales. |
| 260 |
_aMéxico, D. F. : _bDiana, _c1966. |
||
| 300 |
_a270 p. : _bil., retrs. ; _c21 cm. |
||
| 500 | _aTítulo original: Somerset and all the Maughams. | ||
| 500 | _aEdición original en inglés por Longmaus-Heinemann, Londres | ||
| 600 | 1 | 0 |
_aMaugham, W. Somerset _q(William Somerset), _d1874-1965. _95255 |
| 600 | 1 | 0 |
_aMaugham, Frederic Herbert Maugham, _cViscount, _d1866-1958. _96246 |
| 700 | 1 |
_aGil Morales, Ramón ; _etr. _96247 |
|
| 999 |
_c1790 _d1790 |
||